<?xml version="1.0" encoding="UTF-8"?><marc:collection xmlns:marc="http://www.loc.gov/MARC21/slim">
  <marc:record>
    <marc:leader>05856nas a2201057 c 4500</marc:leader>
    <marc:controlfield tag="001">010002146</marc:controlfield>
    <marc:controlfield tag="003">DE-101</marc:controlfield>
    <marc:controlfield tag="005">20250311211101.0</marc:controlfield>
    <marc:controlfield tag="007">tu</marc:controlfield>
    <marc:controlfield tag="008">991118c19229999au a||p|  ||| 0||||1ger c</marc:controlfield>
    <marc:datafield tag="015" ind1=" " ind2=" ">
      <marc:subfield code="a">83,A02,0347</marc:subfield>
      <marc:subfield code="2">dnb</marc:subfield>
    </marc:datafield>
    <marc:datafield tag="016" ind1="7" ind2=" ">
      <marc:subfield code="2">DE-600</marc:subfield>
      <marc:subfield code="a">259-8</marc:subfield>
    </marc:datafield>
    <marc:datafield tag="016" ind1="7" ind2=" ">
      <marc:subfield code="2">DE-101</marc:subfield>
      <marc:subfield code="a">010002146</marc:subfield>
    </marc:datafield>
    <marc:datafield tag="035" ind1=" " ind2=" ">
      <marc:subfield code="a">(DE-599)ZDB259-8</marc:subfield>
    </marc:datafield>
    <marc:datafield tag="035" ind1=" " ind2=" ">
      <marc:subfield code="a">(OCoLC)1367319815</marc:subfield>
    </marc:datafield>
    <marc:datafield tag="040" ind1=" " ind2=" ">
      <marc:subfield code="a">9001</marc:subfield>
      <marc:subfield code="b">ger</marc:subfield>
      <marc:subfield code="c">DE-101</marc:subfield>
      <marc:subfield code="d">9999</marc:subfield>
    </marc:datafield>
    <marc:datafield tag="041" ind1=" " ind2=" ">
      <marc:subfield code="a">ger</marc:subfield>
    </marc:datafield>
    <marc:datafield tag="042" ind1=" " ind2=" ">
      <marc:subfield code="a">zdb</marc:subfield>
    </marc:datafield>
    <marc:datafield tag="044" ind1=" " ind2=" ">
      <marc:subfield code="c">XA-AT</marc:subfield>
    </marc:datafield>
    <marc:datafield tag="082" ind1="7" ind2="4">
      <marc:subfield code="a">350</marc:subfield>
      <marc:subfield code="q">DE-101</marc:subfield>
      <marc:subfield code="2">22sdnb</marc:subfield>
    </marc:datafield>
    <marc:datafield tag="083" ind1="7" ind2=" ">
      <marc:subfield code="a">340</marc:subfield>
      <marc:subfield code="q">DE-600</marc:subfield>
      <marc:subfield code="2">22sdnb</marc:subfield>
    </marc:datafield>
    <marc:datafield tag="084" ind1=" " ind2=" ">
      <marc:subfield code="a">8,1</marc:subfield>
      <marc:subfield code="2">ssgn</marc:subfield>
    </marc:datafield>
    <marc:datafield tag="084" ind1=" " ind2=" ">
      <marc:subfield code="a">AE 70200</marc:subfield>
      <marc:subfield code="a">AE 71000</marc:subfield>
      <marc:subfield code="2">rvk</marc:subfield>
    </marc:datafield>
    <marc:datafield tag="245" ind1="0" ind2="0">
      <marc:subfield code="a">Österreichischer Amtskalender</marc:subfield>
      <marc:subfield code="b">zusammengestellt aus amtlichen und offiziellen Quellen</marc:subfield>
    </marc:datafield>
    <marc:datafield tag="246" ind1="1" ind2="0">
      <marc:subfield code="a">Amts-Kalender</marc:subfield>
    </marc:datafield>
    <marc:datafield tag="247" ind1="0" ind2="0">
      <marc:subfield code="a">Österreichischer Amts-Kalender</marc:subfield>
      <marc:subfield code="f">Hauptsacht. anfangs</marc:subfield>
    </marc:datafield>
    <marc:datafield tag="264" ind1="3" ind2="1">
      <marc:subfield code="a">Wien</marc:subfield>
      <marc:subfield code="b">Verl. Österreich</marc:subfield>
      <marc:subfield code="c">1922-</marc:subfield>
    </marc:datafield>
    <marc:datafield tag="264" ind1="2" ind2="1">
      <marc:subfield code="3">1922-1994</marc:subfield>
      <marc:subfield code="a">Wien</marc:subfield>
      <marc:subfield code="b">Österr. Staatsdr.</marc:subfield>
    </marc:datafield>
    <marc:datafield tag="336" ind1=" " ind2=" ">
      <marc:subfield code="a">Text</marc:subfield>
      <marc:subfield code="b">txt</marc:subfield>
      <marc:subfield code="2">rdacontent</marc:subfield>
    </marc:datafield>
    <marc:datafield tag="337" ind1=" " ind2=" ">
      <marc:subfield code="a">ohne Hilfsmittel zu benutzen</marc:subfield>
      <marc:subfield code="b">n</marc:subfield>
      <marc:subfield code="2">rdamedia</marc:subfield>
    </marc:datafield>
    <marc:datafield tag="338" ind1=" " ind2=" ">
      <marc:subfield code="a">Band</marc:subfield>
      <marc:subfield code="b">nc</marc:subfield>
      <marc:subfield code="2">rdacarrier</marc:subfield>
    </marc:datafield>
    <marc:datafield tag="362" ind1="0" ind2=" ">
      <marc:subfield code="a">1.1922 - 17.1938; 17.1949 -</marc:subfield>
    </marc:datafield>
    <marc:datafield tag="363" ind1="0" ind2="0">
      <marc:subfield code="8">1.1\x</marc:subfield>
      <marc:subfield code="a">1</marc:subfield>
      <marc:subfield code="i">1922</marc:subfield>
    </marc:datafield>
    <marc:datafield tag="363" ind1="1" ind2="0">
      <marc:subfield code="8">1.2\x</marc:subfield>
      <marc:subfield code="a">17</marc:subfield>
      <marc:subfield code="i">1938</marc:subfield>
    </marc:datafield>
    <marc:datafield tag="363" ind1="0" ind2="1">
      <marc:subfield code="8">2.1\x</marc:subfield>
      <marc:subfield code="a">17</marc:subfield>
      <marc:subfield code="i">1949</marc:subfield>
    </marc:datafield>
    <marc:datafield tag="365" ind1=" " ind2=" ">
      <marc:subfield code="b">Pp.</marc:subfield>
    </marc:datafield>
    <marc:datafield tag="515" ind1=" " ind2=" ">
      <marc:subfield code="a">Jg. 17 doppelt gez.; 1939 - 1948 nicht ersch.</marc:subfield>
    </marc:datafield>
    <marc:datafield tag="591" ind1=" " ind2=" ">
      <marc:subfield code="a">C!Kopie(Keine Mehrfachzählung, s. Konkordanztitel)</marc:subfield>
    </marc:datafield>
    <marc:datafield tag="650" ind1=" " ind2="7">
      <marc:subfield code="0">(DE-588)4067870-2</marc:subfield>
      <marc:subfield code="0">https://d-nb.info/gnd/4067870-2</marc:subfield>
      <marc:subfield code="0">(DE-101)040678709</marc:subfield>
      <marc:subfield code="a">Ortsverzeichnis</marc:subfield>
      <marc:subfield code="9">rswk-swf</marc:subfield>
      <marc:subfield code="2">gnd</marc:subfield>
    </marc:datafield>
    <marc:datafield tag="650" ind1=" " ind2="7">
      <marc:subfield code="0">(DE-588)4005298-9</marc:subfield>
      <marc:subfield code="0">https://d-nb.info/gnd/4005298-9</marc:subfield>
      <marc:subfield code="0">(DE-101)040052982</marc:subfield>
      <marc:subfield code="a">Behörde</marc:subfield>
      <marc:subfield code="9">rswk-swf</marc:subfield>
      <marc:subfield code="2">gnd</marc:subfield>
    </marc:datafield>
    <marc:datafield tag="650" ind1=" " ind2="7">
      <marc:subfield code="0">(DE-588)4141451-2</marc:subfield>
      <marc:subfield code="0">https://d-nb.info/gnd/4141451-2</marc:subfield>
      <marc:subfield code="0">(DE-101)041414519</marc:subfield>
      <marc:subfield code="a">Adressbuch</marc:subfield>
      <marc:subfield code="9">rswk-swf</marc:subfield>
      <marc:subfield code="2">gnd</marc:subfield>
    </marc:datafield>
    <marc:datafield tag="650" ind1=" " ind2="7">
      <marc:subfield code="0">(DE-588)4005298-9</marc:subfield>
      <marc:subfield code="0">https://d-nb.info/gnd/4005298-9</marc:subfield>
      <marc:subfield code="0">(DE-101)040052982</marc:subfield>
      <marc:subfield code="a">Behörde</marc:subfield>
      <marc:subfield code="9">rswk-swf</marc:subfield>
      <marc:subfield code="2">gnd</marc:subfield>
    </marc:datafield>
    <marc:datafield tag="650" ind1=" " ind2="7">
      <marc:subfield code="0">(DE-588)4188171-0</marc:subfield>
      <marc:subfield code="0">https://d-nb.info/gnd/4188171-0</marc:subfield>
      <marc:subfield code="0">(DE-101)041881710</marc:subfield>
      <marc:subfield code="a">Verzeichnis</marc:subfield>
      <marc:subfield code="9">rswk-swf</marc:subfield>
      <marc:subfield code="2">gnd</marc:subfield>
    </marc:datafield>
    <marc:datafield tag="650" ind1=" " ind2="7">
      <marc:subfield code="0">(DE-588)4113393-6</marc:subfield>
      <marc:subfield code="0">https://d-nb.info/gnd/4113393-6</marc:subfield>
      <marc:subfield code="0">(DE-101)041133935</marc:subfield>
      <marc:subfield code="a">Einrichtung</marc:subfield>
      <marc:subfield code="9">rswk-swf</marc:subfield>
      <marc:subfield code="2">gnd</marc:subfield>
    </marc:datafield>
    <marc:datafield tag="650" ind1=" " ind2="7">
      <marc:subfield code="0">(DE-588)4005298-9</marc:subfield>
      <marc:subfield code="0">https://d-nb.info/gnd/4005298-9</marc:subfield>
      <marc:subfield code="0">(DE-101)040052982</marc:subfield>
      <marc:subfield code="a">Behörde</marc:subfield>
      <marc:subfield code="9">rswk-swf</marc:subfield>
      <marc:subfield code="2">gnd</marc:subfield>
    </marc:datafield>
    <marc:datafield tag="650" ind1=" " ind2="7">
      <marc:subfield code="a">Behörde</marc:subfield>
      <marc:subfield code="2">local</marc:subfield>
    </marc:datafield>
    <marc:datafield tag="650" ind1=" " ind2="7">
      <marc:subfield code="8">4\p</marc:subfield>
      <marc:subfield code="0">(DE-588)4005298-9</marc:subfield>
      <marc:subfield code="0">https://d-nb.info/gnd/4005298-9</marc:subfield>
      <marc:subfield code="0">(DE-101)040052982</marc:subfield>
      <marc:subfield code="a">Behörde</marc:subfield>
      <marc:subfield code="2">gnd</marc:subfield>
    </marc:datafield>
    <marc:datafield tag="651" ind1=" " ind2="7">
      <marc:subfield code="0">(DE-588)4043271-3</marc:subfield>
      <marc:subfield code="0">https://d-nb.info/gnd/4043271-3</marc:subfield>
      <marc:subfield code="0">(DE-101)040432718</marc:subfield>
      <marc:subfield code="a">Österreich</marc:subfield>
      <marc:subfield code="9">rswk-swf</marc:subfield>
      <marc:subfield code="2">gnd</marc:subfield>
    </marc:datafield>
    <marc:datafield tag="651" ind1=" " ind2="7">
      <marc:subfield code="0">(DE-588)4043271-3</marc:subfield>
      <marc:subfield code="0">https://d-nb.info/gnd/4043271-3</marc:subfield>
      <marc:subfield code="0">(DE-101)040432718</marc:subfield>
      <marc:subfield code="a">Österreich</marc:subfield>
      <marc:subfield code="9">rswk-swf</marc:subfield>
      <marc:subfield code="2">gnd</marc:subfield>
    </marc:datafield>
    <marc:datafield tag="651" ind1=" " ind2="7">
      <marc:subfield code="0">(DE-588)4043271-3</marc:subfield>
      <marc:subfield code="0">https://d-nb.info/gnd/4043271-3</marc:subfield>
      <marc:subfield code="0">(DE-101)040432718</marc:subfield>
      <marc:subfield code="a">Österreich</marc:subfield>
      <marc:subfield code="9">rswk-swf</marc:subfield>
      <marc:subfield code="2">gnd</marc:subfield>
    </marc:datafield>
    <marc:datafield tag="651" ind1=" " ind2="7">
      <marc:subfield code="0">(DE-588)4043271-3</marc:subfield>
      <marc:subfield code="0">https://d-nb.info/gnd/4043271-3</marc:subfield>
      <marc:subfield code="0">(DE-101)040432718</marc:subfield>
      <marc:subfield code="a">Österreich</marc:subfield>
      <marc:subfield code="9">rswk-swf</marc:subfield>
      <marc:subfield code="2">gnd</marc:subfield>
    </marc:datafield>
    <marc:datafield tag="651" ind1=" " ind2="7">
      <marc:subfield code="0">(DE-588)4043271-3</marc:subfield>
      <marc:subfield code="0">https://d-nb.info/gnd/4043271-3</marc:subfield>
      <marc:subfield code="0">(DE-101)040432718</marc:subfield>
      <marc:subfield code="a">Österreich</marc:subfield>
      <marc:subfield code="9">rswk-swf</marc:subfield>
      <marc:subfield code="2">gnd</marc:subfield>
    </marc:datafield>
    <marc:datafield tag="651" ind1=" " ind2="7">
      <marc:subfield code="0">(DE-588)4043271-3</marc:subfield>
      <marc:subfield code="0">https://d-nb.info/gnd/4043271-3</marc:subfield>
      <marc:subfield code="0">(DE-101)040432718</marc:subfield>
      <marc:subfield code="a">Österreich</marc:subfield>
      <marc:subfield code="9">rswk-swf</marc:subfield>
      <marc:subfield code="2">gnd</marc:subfield>
    </marc:datafield>
    <marc:datafield tag="651" ind1=" " ind2="7">
      <marc:subfield code="a">Österreich</marc:subfield>
      <marc:subfield code="2">local</marc:subfield>
    </marc:datafield>
    <marc:datafield tag="651" ind1=" " ind2="7">
      <marc:subfield code="8">3\p</marc:subfield>
      <marc:subfield code="0">(DE-588)4043271-3</marc:subfield>
      <marc:subfield code="0">https://d-nb.info/gnd/4043271-3</marc:subfield>
      <marc:subfield code="0">(DE-101)040432718</marc:subfield>
      <marc:subfield code="a">Österreich</marc:subfield>
      <marc:subfield code="2">gnd</marc:subfield>
    </marc:datafield>
    <marc:datafield tag="655" ind1=" " ind2="7">
      <marc:subfield code="0">(DE-588)4067488-5</marc:subfield>
      <marc:subfield code="0">https://d-nb.info/gnd/4067488-5</marc:subfield>
      <marc:subfield code="0">(DE-101)040674886</marc:subfield>
      <marc:subfield code="a">Zeitschrift</marc:subfield>
      <marc:subfield code="2">gnd-content</marc:subfield>
    </marc:datafield>
    <marc:datafield tag="655" ind1=" " ind2="7">
      <marc:subfield code="0">(DE-588)4188171-0</marc:subfield>
      <marc:subfield code="0">https://d-nb.info/gnd/4188171-0</marc:subfield>
      <marc:subfield code="0">(DE-101)041881710</marc:subfield>
      <marc:subfield code="a">Verzeichnis</marc:subfield>
      <marc:subfield code="2">gnd-content</marc:subfield>
    </marc:datafield>
    <marc:datafield tag="655" ind1=" " ind2="7">
      <marc:subfield code="a">Verzeichnis</marc:subfield>
      <marc:subfield code="9">rswk-swf</marc:subfield>
      <marc:subfield code="2">gnd</marc:subfield>
    </marc:datafield>
    <marc:datafield tag="655" ind1=" " ind2="7">
      <marc:subfield code="a">Verzeichnis</marc:subfield>
      <marc:subfield code="9">rswk-swf</marc:subfield>
      <marc:subfield code="2">gnd</marc:subfield>
    </marc:datafield>
    <marc:datafield tag="655" ind1=" " ind2="7">
      <marc:subfield code="a">Verzeichnis</marc:subfield>
      <marc:subfield code="9">rswk-swf</marc:subfield>
      <marc:subfield code="2">gnd</marc:subfield>
    </marc:datafield>
    <marc:datafield tag="689" ind1="0" ind2="0">
      <marc:subfield code="0">(DE-588)4043271-3</marc:subfield>
      <marc:subfield code="0">https://d-nb.info/gnd/4043271-3</marc:subfield>
      <marc:subfield code="0">(DE-101)040432718</marc:subfield>
      <marc:subfield code="D">g</marc:subfield>
      <marc:subfield code="a">Österreich</marc:subfield>
    </marc:datafield>
    <marc:datafield tag="689" ind1="0" ind2="1">
      <marc:subfield code="0">(DE-588)4067870-2</marc:subfield>
      <marc:subfield code="0">https://d-nb.info/gnd/4067870-2</marc:subfield>
      <marc:subfield code="0">(DE-101)040678709</marc:subfield>
      <marc:subfield code="D">s</marc:subfield>
      <marc:subfield code="a">Ortsverzeichnis</marc:subfield>
    </marc:datafield>
    <marc:datafield tag="689" ind1="0" ind2=" ">
      <marc:subfield code="5">DE-600</marc:subfield>
      <marc:subfield code="5">DE-600</marc:subfield>
    </marc:datafield>
    <marc:datafield tag="689" ind1="1" ind2="0">
      <marc:subfield code="0">(DE-588)4043271-3</marc:subfield>
      <marc:subfield code="0">https://d-nb.info/gnd/4043271-3</marc:subfield>
      <marc:subfield code="0">(DE-101)040432718</marc:subfield>
      <marc:subfield code="D">g</marc:subfield>
      <marc:subfield code="a">Österreich</marc:subfield>
    </marc:datafield>
    <marc:datafield tag="689" ind1="1" ind2="1">
      <marc:subfield code="0">(DE-588)4005298-9</marc:subfield>
      <marc:subfield code="0">https://d-nb.info/gnd/4005298-9</marc:subfield>
      <marc:subfield code="0">(DE-101)040052982</marc:subfield>
      <marc:subfield code="D">s</marc:subfield>
      <marc:subfield code="a">Behörde</marc:subfield>
    </marc:datafield>
    <marc:datafield tag="689" ind1="1" ind2="2">
      <marc:subfield code="0">(DE-588)4141451-2</marc:subfield>
      <marc:subfield code="0">https://d-nb.info/gnd/4141451-2</marc:subfield>
      <marc:subfield code="0">(DE-101)041414519</marc:subfield>
      <marc:subfield code="D">s</marc:subfield>
      <marc:subfield code="a">Adressbuch</marc:subfield>
    </marc:datafield>
    <marc:datafield tag="689" ind1="1" ind2=" ">
      <marc:subfield code="5">DE-600</marc:subfield>
      <marc:subfield code="5">DE-600</marc:subfield>
    </marc:datafield>
    <marc:datafield tag="689" ind1="2" ind2="0">
      <marc:subfield code="0">(DE-588)4043271-3</marc:subfield>
      <marc:subfield code="0">https://d-nb.info/gnd/4043271-3</marc:subfield>
      <marc:subfield code="0">(DE-101)040432718</marc:subfield>
      <marc:subfield code="D">g</marc:subfield>
      <marc:subfield code="a">Österreich</marc:subfield>
    </marc:datafield>
    <marc:datafield tag="689" ind1="2" ind2="1">
      <marc:subfield code="0">(DE-588)4005298-9</marc:subfield>
      <marc:subfield code="0">https://d-nb.info/gnd/4005298-9</marc:subfield>
      <marc:subfield code="0">(DE-101)040052982</marc:subfield>
      <marc:subfield code="D">s</marc:subfield>
      <marc:subfield code="a">Behörde</marc:subfield>
    </marc:datafield>
    <marc:datafield tag="689" ind1="2" ind2="2">
      <marc:subfield code="0">(DE-588)4188171-0</marc:subfield>
      <marc:subfield code="0">https://d-nb.info/gnd/4188171-0</marc:subfield>
      <marc:subfield code="0">(DE-101)041881710</marc:subfield>
      <marc:subfield code="D">s</marc:subfield>
      <marc:subfield code="a">Verzeichnis</marc:subfield>
    </marc:datafield>
    <marc:datafield tag="689" ind1="2" ind2=" ">
      <marc:subfield code="5">DE-600</marc:subfield>
      <marc:subfield code="5">DE-600</marc:subfield>
    </marc:datafield>
    <marc:datafield tag="689" ind1="3" ind2="0">
      <marc:subfield code="0">(DE-588)4043271-3</marc:subfield>
      <marc:subfield code="0">https://d-nb.info/gnd/4043271-3</marc:subfield>
      <marc:subfield code="0">(DE-101)040432718</marc:subfield>
      <marc:subfield code="D">g</marc:subfield>
      <marc:subfield code="a">Österreich</marc:subfield>
    </marc:datafield>
    <marc:datafield tag="689" ind1="3" ind2="1">
      <marc:subfield code="0">(DE-588)4113393-6</marc:subfield>
      <marc:subfield code="0">https://d-nb.info/gnd/4113393-6</marc:subfield>
      <marc:subfield code="0">(DE-101)041133935</marc:subfield>
      <marc:subfield code="D">s</marc:subfield>
      <marc:subfield code="a">Einrichtung</marc:subfield>
    </marc:datafield>
    <marc:datafield tag="689" ind1="3" ind2="2">
      <marc:subfield code="A">f</marc:subfield>
      <marc:subfield code="a">Verzeichnis</marc:subfield>
    </marc:datafield>
    <marc:datafield tag="689" ind1="3" ind2=" ">
      <marc:subfield code="5">DE-600</marc:subfield>
      <marc:subfield code="5">DE-600</marc:subfield>
    </marc:datafield>
    <marc:datafield tag="689" ind1="4" ind2="0">
      <marc:subfield code="0">(DE-588)4043271-3</marc:subfield>
      <marc:subfield code="0">https://d-nb.info/gnd/4043271-3</marc:subfield>
      <marc:subfield code="0">(DE-101)040432718</marc:subfield>
      <marc:subfield code="D">g</marc:subfield>
      <marc:subfield code="a">Österreich</marc:subfield>
    </marc:datafield>
    <marc:datafield tag="689" ind1="4" ind2="1">
      <marc:subfield code="0">(DE-588)4005298-9</marc:subfield>
      <marc:subfield code="0">https://d-nb.info/gnd/4005298-9</marc:subfield>
      <marc:subfield code="0">(DE-101)040052982</marc:subfield>
      <marc:subfield code="D">s</marc:subfield>
      <marc:subfield code="a">Behörde</marc:subfield>
    </marc:datafield>
    <marc:datafield tag="689" ind1="4" ind2="2">
      <marc:subfield code="A">f</marc:subfield>
      <marc:subfield code="a">Verzeichnis</marc:subfield>
    </marc:datafield>
    <marc:datafield tag="689" ind1="4" ind2=" ">
      <marc:subfield code="5">DE-600</marc:subfield>
      <marc:subfield code="5">DE-600</marc:subfield>
    </marc:datafield>
    <marc:datafield tag="689" ind1="5" ind2="0">
      <marc:subfield code="0">(DE-588)4043271-3</marc:subfield>
      <marc:subfield code="0">https://d-nb.info/gnd/4043271-3</marc:subfield>
      <marc:subfield code="0">(DE-101)040432718</marc:subfield>
      <marc:subfield code="D">g</marc:subfield>
      <marc:subfield code="a">Österreich</marc:subfield>
    </marc:datafield>
    <marc:datafield tag="689" ind1="5" ind2="1">
      <marc:subfield code="A">f</marc:subfield>
      <marc:subfield code="a">Verzeichnis</marc:subfield>
    </marc:datafield>
    <marc:datafield tag="689" ind1="5" ind2=" ">
      <marc:subfield code="5">DE-600</marc:subfield>
      <marc:subfield code="5">DE-600</marc:subfield>
    </marc:datafield>
    <marc:datafield tag="710" ind1="1" ind2=" ">
      <marc:subfield code="0">(DE-588)4043271-3</marc:subfield>
      <marc:subfield code="0">https://d-nb.info/gnd/4043271-3</marc:subfield>
      <marc:subfield code="0">(DE-101)040432718</marc:subfield>
      <marc:subfield code="a">Österreich</marc:subfield>
      <marc:subfield code="e">Herausgebendes Organ</marc:subfield>
      <marc:subfield code="4">isb</marc:subfield>
      <marc:subfield code="2">gnd</marc:subfield>
    </marc:datafield>
    <marc:datafield tag="776" ind1="0" ind2="8">
      <marc:subfield code="i">Erscheint auch als</marc:subfield>
      <marc:subfield code="n">Online-Ausgabe</marc:subfield>
      <marc:subfield code="t">Österreichischer Amtskalender online</marc:subfield>
      <marc:subfield code="d">Wien : JUSLINE Österreich GmbH, 2002-</marc:subfield>
      <marc:subfield code="w">(DE-600)2126440-5</marc:subfield>
      <marc:subfield code="w">(DE-101)02529959X</marc:subfield>
    </marc:datafield>
    <marc:datafield tag="787" ind1="0" ind2="8">
      <marc:subfield code="i">1=57; 2=58; 3=59 usw. von</marc:subfield>
      <marc:subfield code="t">Niederösterreichischer Amtskalender</marc:subfield>
      <marc:subfield code="d">Wien : Verl. Österreich, 1865-</marc:subfield>
      <marc:subfield code="w">(DE-600)129886-0</marc:subfield>
      <marc:subfield code="w">(DE-101)010742735</marc:subfield>
    </marc:datafield>
    <marc:datafield tag="787" ind1="0" ind2="8">
      <marc:subfield code="i">1=45; 2=46; 3=47 usw. von</marc:subfield>
      <marc:subfield code="t">Hof- und Staatshandbuch</marc:subfield>
      <marc:subfield code="d">Wien : Verl. Österreich, 1922-</marc:subfield>
      <marc:subfield code="w">(DE-600)1494630-0</marc:subfield>
      <marc:subfield code="w">(DE-101)019873557</marc:subfield>
    </marc:datafield>
    <marc:datafield tag="850" ind1=" " ind2=" ">
      <marc:subfield code="a">DE-101a</marc:subfield>
      <marc:subfield code="a">DE-101b</marc:subfield>
    </marc:datafield>
    <marc:datafield tag="883" ind1="1" ind2=" ">
      <marc:subfield code="8">3\p</marc:subfield>
      <marc:subfield code="a">kasw</marc:subfield>
      <marc:subfield code="c">1,000</marc:subfield>
      <marc:subfield code="d">20230807</marc:subfield>
      <marc:subfield code="q">DE-101</marc:subfield>
      <marc:subfield code="u">https://d-nb.info/provenance/plan#kasw</marc:subfield>
    </marc:datafield>
    <marc:datafield tag="883" ind1="1" ind2=" ">
      <marc:subfield code="8">4\p</marc:subfield>
      <marc:subfield code="a">kasw</marc:subfield>
      <marc:subfield code="c">1,000</marc:subfield>
      <marc:subfield code="d">20230807</marc:subfield>
      <marc:subfield code="q">DE-101</marc:subfield>
      <marc:subfield code="u">https://d-nb.info/provenance/plan#kasw</marc:subfield>
    </marc:datafield>
    <marc:datafield tag="889" ind1=" " ind2=" ">
      <marc:subfield code="w">(DE-101)550745130</marc:subfield>
    </marc:datafield>
    <marc:datafield tag="925" ind1="r" ind2=" ">
      <marc:subfield code="a">ra</marc:subfield>
    </marc:datafield>
  </marc:record>
</marc:collection>
